000
00198 a2200097 4500
001
30271
100
_a
Graves, R
245
_a
Catacrok
260
_a
London
_b
Cassell & Co
_c
090
_c
20214
_d
20214
942
_a
NUST-CAE
_c
M
_c
11353
999
_c
265344
_d
265344